| 000 | 00481nam a2200193Ia 4500 | ||
|---|---|---|---|
| 003 | OSt | ||
| 005 | 20230119100208.0 | ||
| 008 | 210210b1912 xxu||||| |||| 00| 0 eng d | ||
| 040 | _cAL | ||
| 041 | _aeng | ||
| 082 | _a823/335 | ||
| 100 |
_aSHAKESPEARE (William) _969305 |
||
| 245 | _aWorks of Shakespeare: Winters Tale | ||
| 260 |
_aLondon _bMethuen & co ltd _c1912 |
||
| 690 |
_aEnglish Drama _969306 |
||
| 700 |
_aMOORMAN (F W) _969307 |
||
| 906 | _a013879 | ||
| 942 |
_2ddc _cBK |
||
| 999 |
_c132948 _d132948 |
||